|
|
|
|
| LEADER |
00000nam a2200000 a 4500 |
| 001 |
vtls011743376 |
| 003 |
SK-MaSNL |
| 005 |
20260301222648.0 |
| 007 |
co cg auuua |
| 008 |
240318s2017 xo | fs 000 0 slo |
| 015 |
|
|
|a SNBS2018
|
| 020 |
|
|
|a 9788022829823
|q (elektronická kniha)
|
| 040 |
|
|
|a SNK
|b slo
|c SNK
|e AACR2
|
| 041 |
0 |
|
|a slo
|
| 044 |
|
|
|a xo
|c SK
|
| 072 |
|
7 |
|a 796
|x Šport. Hry. Telesné cvičenia
|2 konspekt
|
| 072 |
|
7 |
|a 613.7
|x Zdravie a hygiena voľného času, rekreácie a spánku
|2 konspekt
|
| 080 |
|
|
|a 37.016:796/799
|2 2011
|
| 080 |
|
|
|a 613.71/.73
|2 2011
|
| 080 |
|
|
|a (048.8)
|2 2011
|
| 080 |
|
|
|a (0.034.44)
|2 2011
|
| 100 |
1 |
|
|a Kružliak, Martin,
|d 1961-
|4 aut
|9 159755
|
| 245 |
1 |
0 |
|a Kurzové formy telesnej výchovy na Technickej univerzite vo Zvolene
|h elektronický zdroj
|b (odborná monografia)
|c Martin Kružliak, Karin Baisová
|
| 250 |
|
|
|a 1. vyd.
|
| 260 |
|
|
|a Zvolen
|b Technická univerzita vo Zvolene
|c 2017
|
| 300 |
|
|
|a 1 elektronický optický disk (CD-ROM)
|b fareb.
|c 12 cm
|
| 500 |
|
|
|a Názov z titulnej obrazovky
|
| 504 |
|
|
|a Bibliogr. odkazy
|
| 516 |
|
|
|a Textový dokument (monografia), súbor vo formáte pdf
|
| 538 |
|
|
|a Technické požiadavky: PDF prehliadač
|
| 610 |
2 |
7 |
|a Technická univerzita vo Zvolene
|2 SNKKA
|9 76003
|
| 650 |
0 |
7 |
|a telesná výchova
|2 SNKPH
|9 708
|
| 650 |
0 |
7 |
|a pohybová aktivia
|2 SNKPH
|9 612591
|
| 650 |
0 |
7 |
|a Physical education
|2 SNKPHeng
|9 265416
|
| 650 |
0 |
7 |
|a Movement activity
|2 SNKPHeng
|9 312821
|
| 655 |
|
7 |
|a elektronické zdroje
|2 SNKPH
|9 90954
|
| 655 |
|
7 |
|a CD-ROM
|2 SNKPH
|9 70236
|
| 655 |
|
7 |
|a monografie
|2 SNKPH
|9 70139
|
| 655 |
|
7 |
|a Monographs
|2 SNKPHeng
|9 120675
|
| 655 |
|
7 |
|a Electronic resources
|2 SNKPHeng
|9 175546
|
| 700 |
1 |
|
|a Baisová, Karin,
|d 1973-
|4 aut
|9 159754
|
| 919 |
|
|
|a 978-80-228-2982-3
|
| 958 |
|
|
|a NB
|
| 999 |
|
|
|c 940639
|d 942569
|
| 952 |
|
|
|a SNK
|b SNK
|y PREZ
|7 0
|p 17A1320931
|o snkSCDM 9756
|i snk2018/4798
|8 0
|0 0
|1 0
|4 0
|d 2018-02-26
|l 0
|r 2026-02-24 09:17:13
|w 2026-02-24
|
| 952 |
|
|
|t snkKUR 796
|a SNKMST
|b SNKMST
|y PREZ
|7 0
|p 17A1320932
|o snkSCDM 9756 D1
|i snk2018/4799
|8 0
|0 0
|1 0
|4 0
|d 2018-02-26
|l 0
|r 2025-08-12 00:00:00
|w 2026-02-24
|